000
00311 a2200157 4500
001
182811
020
_a
040
_c
Magnum
100
_a
Malba Tahan
240
1
0
_a
Lendas do deserto
_l
por
245
1
0
_a
Lendas do deserto
300
_a
222
362
0
_a
1965
697
_a
LITERATURA GERAL
942
_c
BK
999
_c
182811
_d
182811